000 00479cam a2200145 4500500
005 20251012011610.0
041 _afre
042 _adc
100 1 0 _aRogé, Antoine
_eauthor
245 0 0 _aCongolais structuralistes à la Lévi-Strauss
260 _c2016.
500 _a56
786 0 _nPhilosophie magazine | 105 | 12-1 | 2016-12-01 | p. 75-75 | 1951-1787
856 4 1 _uhttps://shs.cairn.info/magazine-philosophie-magazine-2016-12-1-page-75?lang=fr&redirect-ssocas=7080
999 _c1523679
_d1523679